000 00408nam a2200157Ia 4500
008 230524s9999 xx 000 0 und d
082 _a621.382
_bHAL
100 _aFred Halsall
245 0 _a"Multimedia Communications Applications, Network, Protocals"
250 _a1ST
260 _aNEW DELHI
_bPearson
_c2003
300 _a1034
500 _aQuantity Number: 2
650 _aElectronics
942 _cBK
999 _c17661
_d17661